00277nam a2200121Ia 4500008004100000082001600041100001600057245002900073250000800102260002300110300001000133650001200143150201s2006 xx 000 0 und d a614bC2006S aSRIDHAR,RAO aCOMMUNITY HEALTH NURSING a1ST bAITBSaDELHIc2006 a1-579 aNURSING